000 01198nam a2200265 a 4500
001 BRCA_9030
005 20190320210511.0
008 280717s2006----u--a######---#000-0#eng-#
020 _a1889410039
041 _aengspa
044 _au
050 4 _aN8232
_b.A37 2006
245 1 0 _aThe African presence in México
_bfrom Yanga to the present
_c[catalogue coordinated by Claudia Herrera].
260 _aChicago, IL
_bMexican Fine Arts Center Museum
_cc2006
300 _a229 p.
_bil. (algunas a color)
_c29 cm.
500 _aExhibition itinerary 2006-2007: Mexican Fine Arts Center Museum, Chicago, February 11-September 3, 2006; Museo de Historia Mexicana, Monterrey, November 15, 2006-February 25, 2007; National Hispanic Cultural Center, Albuquerque, March 31-August 12, 2007
504 _aBibliografía : p. 218-225
546 _aTexto en : inglés y español
610 2 4 _aMexican Fine Arts Center-Museum (Chicago, Il.)
_vExposiciones
_922388
650 1 4 _aNegros en el arte
_vExposiciones
_922389
650 1 4 _aNegros
_vExposiciones
_zMéxico
_922390
651 4 _aMéxico
_vExposiciones
_xCivilización - Influencias africanas
_922391
700 1 _aHerrera, Claudia
_922392
942 _2lcc
_cB
999 _c8681
_d8681